Catálogo Biblioteca Central

Le contrôle exercé par le Conseil Constitutionnel (Registro nro. 75865)

Detalles MARC
000 -CABECERA
campo de control de longitud fija 00708naa a2200217 i 4500
001 - NÚMERO DE CONTROL
campo de control 75865
003 - IDENTIFICADOR DEL NÚMERO DE CONTROL
campo de control ES-MaBCM
005 - FECHA Y HORA DE LA ÚLTIMA TRANSACCIÓN
campo de control 20241016120317.0
008 - CÓDIGOS DE INFORMACIÓN DE LONGITUD FIJA
campo de control de longitud fija 010622s2001 fra 000 0 fre d
021 ## -
-- xx
035 ## - NÚMERO DE CONTROL DEL SISTEMA
Número de control de sistema (OCoLC)1365138309
040 ## - FUENTE DE LA CATALOGACIÓN
Centro transcriptor ES-MaBCM
041 0# - CÓDIGO DE LENGUA
Código de lengua del texto/banda sonora o título independiente fre
043 ## - CÓDIGO DE ÁREA GEOGRÁFICA
Código de área geográfica fra
100 1# - PUNTO DE ACCESO PRINCIPAL - NOMBRE DE PERSONA
Nombre de persona Goesel-Le Bihan, Valérie
9 (RLIN) 19106
245 10 - MENCIÓN DE TÍTULO
Título Le contrôle exercé par le Conseil Constitutionnel
Resto del título : défense et illustration d'une théorie générale
Mención de responsabilidad etc. Valerie Goesel-Le Bihan
650 27 - PUNTO DE ACCESO ADICIONAL DE MATERIA--TÉRMINO DE MATERIA
Término de materia o nombre geográfico como elemento inicial Consejo Constitucional
9 (RLIN) 58051
651 #4 - PUNTO DE ACCESO ADICIONAL DE MATERIA--NOMBRE GEOGRÁFICO
Nombre geográfico Francia
9 (RLIN) 115364
773 0# - ENLACE AL DOCUMENTO FUENTE
Encabezamiento principal En:
Título Revue française de droit constitutionnel
Lugar editor y fecha de publicación Paris : 2001
Número de control del registro relacionado 104805
Parte(s) relacionada(s) nº 45, p. 67-83. - Loc. S.245
942 ## - ELEMENTOS DE PUNTO DE ACCESO ADICIONAL (KOHA)
Tipo de ítem Koha Artículos de revistas
Existencias
Estado de retiro Estado de pérdida Estado dañado No para préstamo Localización permanente Ubicación/localización actual Fecha de adquisición Precio válido a partir de Tipo de ítem Koha
        Biblioteca Central del Ministerio de la Presidencia Biblioteca Central del Ministerio de la Presidencia 21/04/2012 21/04/2012 Artículos de revistas